[Event "IND-ch U15 47th"]
[Site "New Delhi"]
[Date "2022.12.02"]
[Round "7"]
[White "Aayush, Bhojak"]
[Black "Navya, Goyal"]
[Result "1/2-1/2"]
[WhiteElo "1710"]
[BlackElo "1469"]
[PlyCount "137"]
[EventDate "2022.11.28"]
[EventType "swiss"]
[EventRounds "11"]
[EventCountry "IND"]
[SourceTitle "CBM 211 Extra"]
[Source "ChessBase"]
[SourceDate "2023.01.31"]
[SourceVersion "1"]
[SourceVersionDate "2023.01.31"]
[SourceQuality "1"]

1. d4 Nf6 2. c4 g6 3. Nc3 d5 4. cxd5 Nxd5 5. e4 Nxc3 6. bxc3 Bg7 7. Bc4 c5 8. Ne2 Nc6 9. Be3 0-0 10. 0-0 cxd4 11. cxd4 Bg4 12. f3 Na5 13. Bxf7+ Rxf7 14. fxg4 Rxf1+ 15. Kxf1 Qd6 16. Kg1 Qa3 17. Bc1 Qd6 18. Bf4 Qe6 19. Qd3 Rc8 20. Bd2 Nc4 21. Bc3 b5 22. Rf1 a5 23. d5 Qb6+ 24. Bd4 Qd6 25. Bxg7 Kxg7 26. Nd4 Qa3 27. Qxa3 Nxa3 28. Nc6 Nc4 29. Rc1 e6 30. a4 exd5 31. axb5 Nd6 32. exd5 Nxb5 33. Rc5 Na7 34. Rxa5 Nxc6 35. dxc6 Rxc6 36. Ra7+ Kh6 37. h4 g5 38. hxg5+ Kxg5 39. Rxh7 Kxg4 40. Rg7+ Kf4 41. Rh7 Kg3 42. Rh3+ Kg4 43. Ra3 Rc4 44. Kh2 Rb4 45. Rg3+ Kh4 46. Rg7 Rb2 47. Rc7 Rb4 48. g3+ Kg4 49. Rg7+ Kh5 50. Kh3 Rb3 51. Rc7 Rb4 52. Rc5+ Kg6 53. g4 Rb1 54. Kg2 Rb3 55. Rf5 Ra3 56. Rd5 Rb3 57. Rh5 Ra3 58. Rh3 Rxh3 59. Kxh3 Kg5 60. Kg3 Kg6 61. Kf4 Kf6 62. g5+ Kg6 63. Kg4 Kg7 64. Kh5 Kh7 65. g6+ Kg7 66. Kg5 Kg8 67. Kf6 Kf8 68. g7+ Kg8 69. Kg6 1/2-1/2